=LDR 00000nam 2200000 4500 =001 INLIS000000000047303 =005 20151006110502.0 =006 =007 =008 =035 ##$$0010-101500000000014 =040 ##$$a ind =082 ##$$a 540.7 =090 ##$$a 540.7 $b Mic =100 ##$$a Michael, Purba =245 ##$$a Kimia 1A =260 ##$$a Jakarta $b ERLANGGA $c 2006 =300 ##$$a vii, 255 hlm $c 23 cm =850 ##$$a NBPDMAT =990 ##$$a 0001/BPAP-NTB/2015